<?xml version="1.0" encoding="UTF-8"?><?xml-stylesheet type="text/xsl" href="static/style.xsl"?><OAI-PMH xmlns="http://www.openarchives.org/OAI/2.0/" xmlns:xsi="http://www.w3.org/2001/XMLSchema-instance" xsi:schemaLocation="http://www.openarchives.org/OAI/2.0/ http://www.openarchives.org/OAI/2.0/OAI-PMH.xsd"><responseDate>2026-04-27T21:55:09Z</responseDate><request verb="GetRecord" identifier="oai:uvadoc.uva.es:10324/1901" metadataPrefix="marc">https://uvadoc.uva.es/oai/request</request><GetRecord><record><header><identifier>oai:uvadoc.uva.es:10324/1901</identifier><datestamp>2025-02-05T11:06:44Z</datestamp><setSpec>com_10324_38</setSpec><setSpec>col_10324_785</setSpec></header><metadata><record xmlns="http://www.loc.gov/MARC21/slim" xmlns:doc="http://www.lyncode.com/xoai" xmlns:xsi="http://www.w3.org/2001/XMLSchema-instance" xmlns:dcterms="http://purl.org/dc/terms/" xsi:schemaLocation="http://www.loc.gov/MARC21/slim http://www.loc.gov/standards/marcxml/schema/MARC21slim.xsd">
<leader>00925njm 22002777a 4500</leader>
<datafield tag="042" ind1=" " ind2=" ">
<subfield code="a">dc</subfield>
</datafield>
<datafield tag="720" ind1=" " ind2=" ">
<subfield code="a">Hernández Miguel, Diego</subfield>
<subfield code="e">author</subfield>
</datafield>
<datafield tag="720" ind1=" " ind2=" ">
<subfield code="a">Mato Arruabarrena, Aitor</subfield>
<subfield code="e">author</subfield>
</datafield>
<datafield tag="260" ind1=" " ind2=" ">
<subfield code="c">2012</subfield>
</datafield>
<datafield tag="520" ind1=" " ind2=" ">
<subfield code="a">A través del planteamiento del siguiente proyecto técnico, se desarrollará la idea de la creación de una instalación en la cual se pueda llevar a cabo la práctica de deportes urbanos relacionados con el patinaje, tales como el skateboard o el patinaje en línea, de una manera óptima.&#xd;
La idea fundamental sobre la que gira el proyecto planteado es la naturaleza modular de la instalación propuesta. De esta naturaleza se derivarán una serie de ventajas tanto para los usuarios como para los propietarios de la misma.&#xd;
La característica diferenciadora de la instalación proyectada con respecto a una instalación tradicional es su fabricación de forma modular, con lo que se consigue obtener infinidad de combinaciones diferentes para su utilización a partir de un número acotado de módulos. Esta característica también permite la posibilidad de crear una instalación fácilmente variable, lo cual introduce una notable ventaja competitiva frente a las tradicionales. Dichas formas básicas o módulos, combinados entre sí, formarán los elementos fundamentales de dichas instalaciones.</subfield>
</datafield>
<datafield tag="024" ind2=" " ind1="8">
<subfield code="a">http://uvadoc.uva.es/handle/10324/1901</subfield>
</datafield>
<datafield ind1=" " ind2=" " tag="653">
<subfield code="a">Instalaciones deportivas</subfield>
</datafield>
<datafield tag="245" ind1="0" ind2="0">
<subfield code="a">Instalación modular para la práctica de deportes urbanos</subfield>
</datafield>
</record></metadata></record></GetRecord></OAI-PMH>